000 01017nam a2200337 4500
001 01172065
003 DO-SdBPM
005 20260515134437.0
007 ta
008 930725s1987 sp spa
017 _a
_b
020 _a8474618606
035 _a
040 _aDO-SdBPM
_bspa
_cBPMSU
_erda
080 0 _a
082 0 4 _a813.36
_bM531m 1987
_222
100 1 _aMelville, Herman,
_d1819-1891
_4aut.
_eautor
245 1 0 _aMoby Dick /
_cHerman Melville ;traducción Jaime Uribe.
_h
264 _aMadrid :
_bClub Internacional del Libro,
_c1987.
300 _a478 páginas ;
_c22 cm.
336 _atexto
_btxt
_2rdacontent
337 _asin mediación
_bn
_2rdamedia
338 _avolumen
_bn
_2rdacarrier
490 0 _aObras maestras de la novela de aventuras
590 _aInventariado, 2026/VM
650 7 _aNovela juvenil estadounidense
650 7 _aBallenas
_v Novela juvenil
700 1 _aUribe, Jaime,
_etraductor
910 _aVMateo V. Control de calidad. BPMSU
942 _2ddc
_cBK
999 _c9022
_d9022